Central Library OPAC University of Rajshahi

Finite queuing tables / (Record no. 8344)

MARC details
000 -LEADER
fixed length control field 00855cam a22002651 4500
001 - CONTROL NUMBER
control field 8344
003 - CONTROL NUMBER IDENTIFIER
rucl marc code BD-RjUL
005 - DATE AND TIME OF LATEST TRANSACTION
control field 20211208234553.0
008 - FIXED-LENGTH DATA ELEMENTS--GENERAL INFORMATION
fixed length control field 180114s1958 nyua 000 0 eng
035 ## - SYSTEM CONTROL NUMBER
System control number (BD-RjUL)8389
System control number (OCoLC)517268
040 ## - CATALOGING SOURCE
Original cataloging agency DLC
Transcribing agency OCU
Modifying agency OCoLC
-- Uk
-- DLC
-- BD-RjUL
Language of cataloging eng
041 ## - LANGUAGE CODE
Language code of text/sound track or separate title eng
082 00 - DEWEY DECIMAL CLASSIFICATION NUMBER
Classification number 519.82
Edition number 23
Author mark and year PEF 1958
100 1# - MAIN ENTRY--PERSONAL NAME
Personal name Peck, Leslie G.,
Dates associated with a name 1922-
9 (RLIN) 25997
245 10 - TITLE STATEMENT
Title Finite queuing tables /
Statement of responsibility, etc. L. G. Peck and R. N. Hazelwood.
260 ## - PUBLICATION, DISTRIBUTION, ETC. (IMPRINT)
Place of publication, distribution, etc. New York :
Name of publisher, distributor, etc. J. Wiley,
Date of publication, distribution, etc. c1958.
300 ## - PHYSICAL DESCRIPTION
Pagination 210 p. :
Illustrations ill. ;
Size 29cm.
490 0# - SERIES STATEMENT
Series statement Operations Research Society of America. Publications in operations research,
Volume/sequential designation no. 2
650 #0 - SUBJECT ADDED ENTRY--TOPICAL TERM
Topical term or geographic name as entry element Queuing theory.
9 (RLIN) 24397
Topical term or geographic name as entry element Mathematics
General subdivision Tables.
9 (RLIN) 20017
700 1# - ADDED ENTRY--PERSONAL NAME
Personal name Hazelwood, Robert Nichols,
Dates associated with a name 1928-
Relator term joint author.
942 ## - ADDED ENTRY ELEMENTS (KOHA)
Source of classification or shelving scheme Dewey Decimal Classification
Koha item type Books
Holdings
Lost status Source of classification or shelving scheme Damaged status Not for loan Permanent Location Current Location Date acquired Source of acquisition Cost, normal purchase price Total Checkouts Full call number Date last seen Copy number Koha item type Collection code Shelving location
  Dewey Decimal Classification   Not For Loan Central Library, University of Rajshahi Central Library, University of Rajshahi 30/05/1974 National book agency 107.50   519.82 PEF 1958 18/01/2014 C-1 Books    
  Dewey Decimal Classification     Central Library, University of Rajshahi Central Library, University of Rajshahi 30/05/1974 National book agency 107.50   519.82 PEF 1958 31/08/2016 C-2 Books Non-fiction